[Event "Oz.com qualifier blitz"]
[Site "Internet ICC"]
[Date "2000.03.05"]
[Round "2"]
[White "Zapata,A"]
[Black "Roehrich,S"]
[Result "1-0"]
[WhiteElo "2457"]
[BlackElo "2196"]

1.e4 c5 2.Nf3 d6 3.d4 cxd4 4.Nxd4 Nf6 5.Nc3 a6 6.Be3 Ng4 7.Bg5 h6 8.Bh4 g5
9.Bg3 Bg7 10.h3 Ne5 11.Be2 Nbc6 12.Nf5 Bxf5 13.exf5 Nd7 14.Qd2 Qa5 15.Nd5 Qxd2+
16.Kxd2 Rc8 17.c3 Nc5 18.f3 Be5 19.Bxe5 Nxe5 20.Rhe1 Na4 21.Kc2 Rc6 22.f4 gxf4
23.Nxf4 Rg8 24.g4 Rb6 25.b3 Nc5 26.Bf1 Rc6 27.Bg2 Rc7 28.Rad1 Rd7 29.a4 b6
30.Rd4 Ra7 31.b4 Ncd7 32.Nh5 Rg5 33.Kb3 a5 34.Re3 axb4 35.cxb4 Rc7 36.Rc3 Rxc3+
37.Kxc3 Nb8 38.a5 bxa5 39.bxa5 Na6 40.Bb7 Nc7 41.a6 Nb5+ 42.Kd2 Nxd4 43.a7 Nc4+
44.Kd3 Nb6 45.Kxd4 Kd7 46.a8=Q Nxa8 47.Bxa8 e6 48.Be4 Ke7 49.Bd3 Rg8 50.f6+ Kd7
51.Bb5+ Kc7 52.Ng7 Kd8 53.h4 Rh8 54.Ke4 Rf8 55.Kf4 Rh8 56.g5 hxg5+ 57.Kxg5 d5
58.h5 d4 59.h6 e5 60.Bd3 Kd7 61.h7 Kc6 62.Be4+ Kc5 63.Kh6 Kc4 64.Nf5 d3 65.Kg7 Rxh7+
66.Kxh7 d2 67.Bc2 e4 68.Kg7 Kc3 69.Bd1  1-0

[Event "Oz.com qualifier blitz"]
[Site "Internet ICC"]
[Date "2000.03.05"]
[Round "5"]
[White "Ottosen,D"]
[Black "Langer,M"]
[Result "0-1"]
[WhiteElo "2114"]
[BlackElo "2259"]

1.e4 c5 2.Nf3 d6 3.d4 cxd4 4.Nxd4 Nf6 5.Nc3 a6 6.Be3 e5 7.Nb3 Be6 8.Be2 Nbd7
9.O-O b5 10.f4 Nb6 11.Bf3 Nc4 12.Bc1 Be7 13.f5 Bd7 14.Nd5 Bc6 15.Kh1 Bxd5
16.exd5 O-O 17.Nd2 Nb6 18.Nb1 e4 19.Be2 Nfxd5 20.Qd4 Nf6 21.Be3 Nbd5 22.Nc3 Nxe3
23.Qxe3 d5 24.Rad1 Qd6 25.g4 h6 26.g5 hxg5 27.Qxg5 Qe5 28.Rg1 Ne8 29.Qg4 Rd8
30.Nxe4 dxe4 31.Rxd8 Bxd8 32.Rg3 Nd6 33.Rh3 Qxf5  0-1

[Event "Oz.com qualifier blitz"]
[Site "Internet ICC"]
[Date "2000.03.05"]
[Round "7"]
[White "Garcia,Ri"]
[Black "Tissir,M"]
[Result "0-1"]
[WhiteElo "2275"]
[BlackElo "2311"]

1.e4 c5 2.Nf3 d6 3.d4 cxd4 4.Nxd4 Nf6 5.Nc3 a6 6.Be3 e6 7.f3 b5 8.Qd2 Bb7
9.g4 Nfd7 10.h4 Nb6 11.O-O-O N8d7 12.g5 b4 13.Nb1 d5 14.exd5 Nxd5 15.h5 Be7
16.Rg1 g6 17.Bh3 Nxe3 18.Qxe3 Qb6 19.Rge1 O-O-O 20.f4 Kb8 21.Bxe6 fxe6 22.Nxe6 Bc5
23.Qb3 Bf2 24.Nxd8 Rxd8 25.Re6 Qc7 26.Qxb4 Rc8 27.Nc3 Bg3 28.hxg6 Bxf4+ 29.Kb1 hxg6
30.Rxg6 Nc5 31.a4 Ne4 32.Rd3 Bd2 33.Re6 Bxc3 34.bxc3 Nc5 35.Red6 Nxd3 36.Rxd3 Qc5
37.Qf4+ Ka8 38.g6 Rb8 39.Kc1 Qg1+ 40.Rd1 Qxg6 41.Re1 Qb6 42.Qf5 Qd6 43.Re6 Qa3+
44.Kd2 Qxa4 45.Qf6 Qc4 46.Qe5 Rd8+ 47.Rd6 Rg8 48.Qd4 Rg2+ 49.Ke3 Qe2+ 50.Kf4 Qg4+
51.Ke5 Re2+ 52.Kf6 Qf3+ 53.Kg7 Rg2+ 54.Rg6 Rxg6+ 55.Kxg6 Qe4+ 56.Kf6 Qxd4+
57.cxd4 a5 58.Ke5 a4 59.d5 a3 60.d6 Bc8 61.c4 a2 62.Kd5 a1=Q 63.c5 Qa6 64.c6 Qb5+  0-1

[Event "Frisco Masters"]
[Site "San Francisco USA"]
[Date "2000.03.06"]
[Round "1"]
[White "Wong,R"]
[Black "Baja,V"]
[Result "1/2-1/2"]
[WhiteElo "2061"]
[BlackElo "2260"]

1.e4 c5 2.Nf3 d6 3.d4 cxd4 4.Nxd4 Nf6 5.Nc3 a6 6.Be3 Ng4 7.Bg5 h6 8.Bh4 g5
9.Bg3 Bg7 10.h4 Nc6 11.Nb3 gxh4 12.Rxh4 h5 13.Be2 Nce5 14.Rh1 Ng6 15.Bxg4 Bxg4
16.f3 Bd7 17.Qd2 Rc8 18.Bf2 Ne5 19.Qg5 Kf8 20.Rxh5 Rg8 21.Bd4 Nxf3+ 22.gxf3 Bxd4
23.Qxg8+ Kxg8 24.Nxd4 e6 25.O-O-O Qf6 26.Nf5 Rxc3 27.e5 Rxc2+ 28.Kb1 Rxb2+
29.Ka1 Rb1+ 30.Kxb1 Qg6 31.Rdh1 exf5 32.f4 dxe5 33.Rg5 Qxg5 34.fxg5 Kg7 35.Rh6 f4
36.Rf6 Bc6 37.Kc1 Be4 38.Kd2 Kf8 39.a4 a5 40.Kc3 Ke7 41.Kc4 Bg2 42.Rf5 Ke6
43.Rf6+ Ke7 44.Rf5 Ke6 45.Rf6+ Ke7 46.Rf5  1/2-1/2

[Event "55th ch-YUG"]
[Site "Subotica YUG"]
[Date "2000.03.17"]
[Round "2"]
[White "Todorovic,GM"]
[Black "Marjanovic,S"]
[Result "1-0"]
[WhiteElo "2426"]
[BlackElo "2524"]

1.e4 c5 2.Nf3 d6 3.d4 cxd4 4.Nxd4 Nf6 5.Nc3 a6 6.Be3 e5 7.Nb3 Be6 8.Qd2 Nbd7
9.f4 b5 10.f5 Bc4 11.O-O-O Rc8 12.Kb1 Be7 13.h3 d5 14.Nxd5 Nxe4 15.Qa5 Bxb3
16.Qxd8+ Bxd8 17.axb3 Ng3 18.Rg1 Nxf5 19.Bf2 Nb8 20.Be2 g6 21.g4 Nd6 22.Bg3 Nc6
23.Bf3 Kd7 24.c3 Re8 25.g5 Ke6 26.h4 f5 27.gxf6 Nf5 28.Bf2 Kf7 29.Be4 Bxf6
30.h5 Nce7 31.hxg6+ hxg6 32.Nb6 Rc7 33.b4 Rh8 34.Nd7 Bg7 35.Nc5 Ra7 36.Ne6 Kxe6
37.Bxa7  1-0

[Event "Ciocaltea Mem"]
[Site "Bucharest ROM"]
[Date "2000.03.18"]
[Round "5"]
[White "Moldovan,D"]
[Black "Vajda,L"]
[Result "1/2-1/2"]
[WhiteElo "2434"]
[BlackElo "2459"]

1.e4 c5 2.Nf3 d6 3.d4 cxd4 4.Nxd4 Nf6 5.Nc3 a6 6.Be3 e5 7.Nb3 Be6 8.f3 Be7
9.Qd2 Nbd7 10.O-O-O O-O 11.g4 b5 12.g5 Nh5 13.Nd5 Bxd5 14.exd5 f5 15.gxf6 Bxf6
16.Na5 Kh8 17.Bd3 Nc5 18.Be4 Nxe4 19.fxe4  1/2-1/2

[Event "NED-chT"]
[Site "Leeuwarden NED"]
[Date "2000.03.19"]
[Round "6"]
[White "Nijboer,F"]
[Black "Van Blitterswijk,S"]
[Result "1-0"]
[WhiteElo "2540"]
[BlackElo "2308"]

1.e4 c5 2.Nf3 d6 3.d4 cxd4 4.Nxd4 Nf6 5.Nc3 a6 6.Be3 e5 7.Nb3 Be6 8.f3 Nbd7
9.Qd2 b5 10.a4 b4 11.Nd5 Bxd5 12.exd5 Nb6 13.Bxb6 Qxb6 14.a5 Qb7 15.Bc4 Be7
16.Ra4 Rb8 17.Nc1 Bd8 18.b3 e4 19.Na2 exf3 20.gxf3 Nd7 21.Qe3+ Kf8 22.Kd1 Ne5
23.Re1 g5 24.Qd4 Qc8 25.Nxb4 Qf5 26.Nc6 Rc8 27.Nxe5 dxe5 28.Qd3 Qf6 29.Bxa6 e4
30.fxe4 Ra8 31.d6 Kg7 32.e5 Qf2 33.Bc4 Bxa5 34.Rf1 Qxh2 35.Rxf7+ Kh6 36.Qd5 Rhf8
37.Qe6+  1-0

[Event "Extraliga CZE"]
[Site "Ostrava CZE"]
[Date "2000.03.19"]
[Round "11"]
[White "Jirovsky,Pe"]
[Black "Fajman,P"]
[Result "1/2-1/2"]
[WhiteElo "2351"]
[BlackElo "2282"]

1.e4 c5 2.Nf3 d6 3.d4 cxd4 4.Nxd4 Nf6 5.Nc3 a6 6.Be3 Ng4 7.Bg5 h6 8.Bh4 g5
9.Bg3 Bg7 10.h3 Nf6 11.Be2 Qb6 12.Nb3 Nc6 13.Qd2 Bd7 14.O-O Rc8 15.Kh1 Ne5
16.f4 Nc4 17.Bxc4 Rxc4 18.e5 Ne4 19.Nxe4 Rxe4 20.exd6 g4 21.Rfe1 Rxe1+ 22.Rxe1 gxh3
23.Rxe7+ Kd8 24.gxh3 Rg8 25.Qa5 Bd4 26.Qxb6+ Bxb6 27.Kh2 Bc6 28.Re2 Kd7 29.c4 Bf3
30.Rc2 Be4 31.Rd2 a5 32.f5 h5 33.h4 Rc8 34.Re2 Rxc4 35.Nd2 Rc2 36.Rxe4 Rxd2+
37.Kh3 Bd8 38.Be5 f6 39.Bd4 Kxd6 40.Bc3 Rd3+ 41.Kg2 Rd5 42.Rf4 b5 43.Kf3 Kc5
44.Ke3 Rd1 45.a3 Rh1 46.Ke2 Rh2+ 47.Kf3 Rh3+ 48.Kf2 Bc7 49.Rf3 Rxf3+ 50.Kxf3 Bd8  1/2-1/2

[Event "Extraliga CZE"]
[Site "Ostrava CZE"]
[Date "2000.03.19"]
[Round "11"]
[White "Antoniewski,R"]
[Black "David,P"]
[Result "1-0"]
[WhiteElo "2417"]
[BlackElo "2432"]

1.e4 c5 2.Nf3 d6 3.d4 cxd4 4.Nxd4 Nf6 5.Nc3 a6 6.Be3 e6 7.Be2 Qc7 8.O-O b5
9.a4 b4 10.Na2 Nxe4 11.c3 b3 12.Nb4 Nd7 13.f4 Ndf6 14.a5 Bb7 15.c4 Be7 16.f5 d5
17.Qxb3 Nc5 18.Qa2 e5 19.Nb3 d4 20.Nxc5 Bxc5 21.Qa4+ Nd7 22.Bf2 O-O 23.Nd5 Qd6
24.Bf3 Rab8 25.Rab1 Bxd5 26.cxd5 Nf6 27.Qa2 e4 28.Bg3 d3+ 29.Kh1 Qd7 30.Bxb8 exf3
31.b4 fxg2+ 32.Qxg2 Bd4 33.Rf4 Be3 34.Rf3 Nxd5 35.f6 g6 36.Be5 Rc8 37.Rd1 d2
38.Bb2 Rc2 39.Qg3 h5 40.Qe5 Rc1 41.Bxc1 dxc1=Q 42.Rxc1 Bxc1 43.Rd3 Qb5 44.Qxd5 Qxb4
45.Rg3 Qb1 46.Rg1 Qc2 47.Rg2 Qb1 48.Qd1 h4 49.h3 Qa1 50.Qe1 Kh7 51.Rc2 Qa3
52.Rxc1  1-0

[Event "55th ch-YUG"]
[Site "Subotica YUG"]
[Date "2000.03.20"]
[Round "4"]
[White "Perunovic,Mil"]
[Black "Marjanovic,S"]
[Result "1/2-1/2"]
[WhiteElo "2384"]
[BlackElo "2524"]

1.e4 c5 2.Nc3 a6 3.Nf3 d6 4.d4 cxd4 5.Nxd4 Nf6 6.Be3 e5 7.Nb3 Be6 8.f3 Nbd7
9.g4 h6 10.Qd2 Be7 11.O-O-O b5 12.Kb1 Nb6 13.Qf2 Nc4 14.Bxc4 bxc4 15.Nc5 Qc7
16.N5a4 Rb8 17.h4 Nd7 18.Nd5 Bxd5 19.Rxd5 O-O 20.Nc3 Rb7 21.Ka1 Rfb8 22.Rb1 Qd8
23.g5 h5  1/2-1/2

[Event "Amber Rapidplay"]
[Site "Monaco MNC"]
[Date "2000.03.21"]
[Round "5"]
[White "Shirov,A"]
[Black "Van Wely,L"]
[Result "1-0"]
[WhiteElo "2751"]
[BlackElo "2646"]

1.e4 c5 2.Nf3 d6 3.d4 cxd4 4.Nxd4 Nf6 5.Nc3 a6 6.Be3 e6 7.g4 e5 8.Nf5 g6
9.g5 gxf5 10.exf5 d5 11.gxf6 d4 12.Bc4 Qc7 13.Qd3 dxe3 14.O-O-O exf2 15.Bxf7+ Kxf7
16.Qd5+ Kxf6 17.Ne4+ Ke7 18.Nd6 Bh6+ 19.Kb1 Kf6 20.Rhf1 Rf8 21.Rxf2 Nc6 22.Qc4 Bf4
23.Rxf4 exf4 24.Qc3+ Kg5 25.Rg1+ Kh4 26.Qf3  1-0

[Event "55th ch-YUG"]
[Site "Subotica YUG"]
[Date "2000.03.22"]
[Round "6"]
[White "Todorovic,GM"]
[Black "Ilincic,Z"]
[Result "0-1"]
[WhiteElo "2426"]
[BlackElo "2554"]

1.e4 c5 2.Nf3 d6 3.d4 cxd4 4.Nxd4 Nf6 5.Nc3 a6 6.Be3 e6 7.g4 h6 8.Bg2 e5
9.Nf5 Be6 10.Qe2 Nbd7 11.O-O-O Qc7 12.f4 g6 13.Ng3 Bxg4 14.Bf3 Bxf3 15.Qxf3 Be7
16.Kb1 b5 17.Rhf1 Rc8 18.f5 g5 19.Rf2 b4 20.Nd5 Nxd5 21.Rxd5 Nf6 22.Rd1 Qb7
23.Rfd2 Rg8 24.Rd3 a5 25.Bd2 g4 26.Qe2 h5 27.Re1 h4 28.Nf1 Qc6 29.c3 Qa4
30.b3 Qb5 31.cxb4 axb4 32.Ne3 Nxe4 33.Nc4 d5 34.Nxe5 Bf6 35.Nc4 Kf8 36.Bh6+ Ke7
37.Nb6 Rcd8 38.Nxd5+ Rxd5 39.Rxd5 Qxd5 40.Qxe4+ Qxe4+ 41.Rxe4+ Kd6 42.Rxb4 Be5
43.Bf4 Bxf4 44.Rxf4 g3 45.hxg3 hxg3 46.Rf1 g2 47.Rg1 Ke5 48.Kc2 Kxf5 49.a4 Kf4
50.b4 Kg3 51.b5 f5  0-1

[Event "55th ch-YUG"]
[Site "Subotica YUG"]
[Date "2000.03.25"]
[Round "8"]
[White "Perunovic,Mil"]
[Black "Ilincic,Z"]
[Result "0-1"]
[WhiteElo "2384"]
[BlackElo "2554"]

1.e4 c5 2.Nf3 d6 3.d4 cxd4 4.Nxd4 Nf6 5.Nc3 a6 6.Be3 e6 7.g4 h6 8.Qe2 b5
9.a3 Bb7 10.Bg2 Nbd7 11.h4 h5 12.g5 Ng4 13.g6 e5 14.gxf7+ Kxf7 15.Nf3 Nxe3
16.Qxe3 Be7 17.O-O-O Qb6 18.Ng5+ Kg8 19.Qg3 Rh6 20.Bh3 Nf8 21.Nd5 Bxd5 22.exd5 Rf6
23.Be6+ Kh8 24.Nf7+ Kh7 25.Qg5 Rxe6 26.Qxh5+ Rh6 27.Nxh6 g6 28.Qf3 Kxh6 29.h5 g5
30.Qf7 Qd8 31.Rd3 Qe8 32.Qg8 Bf6 33.Rc3 Rc8 34.Rxc8 Qxc8 35.Qf7 Bg7 36.Rg1 Qd7
37.Qf3 Qe7 38.Rg4 Nh7 39.a4 Qf6 40.Qxf6+ Nxf6 41.axb5 axb5 42.Rb4 Nxd5 43.Rxb5 Nf4
44.Rb6 Kxh5 45.Rxd6 Kg4 46.Kd2 Kf3 47.Ke1 e4 48.Rb6 Bd4 49.Rb3+ Nd3+  0-1

[Event "21st Open A"]
[Site "Bled SLO"]
[Date "2000.03.27"]
[Round "3"]
[White "Rogic,D"]
[Black "Mazi,L"]
[Result "1/2-1/2"]
[WhiteElo "2494"]
[BlackElo "2380"]

1.e4 c5 2.Nf3 d6 3.d4 cxd4 4.Nxd4 Nf6 5.Nc3 a6 6.Be3 e5 7.Nb3 Be6 8.f3 h5
9.a4 Nbd7 10.Qd2 Rc8 11.a5 Qc7 12.Be2 Be7 13.O-O O-O 14.Rfd1 Rfe8 15.Kh1 Bf8
16.Bf1 Nc5 17.Nc1 d5 18.Nxd5 Nxd5 19.exd5 Bxd5 20.b4 Ne6 21.Bb6 Qe7 22.Qxd5 Red8
23.Bxd8 Rxd8 24.Qxe5 Rxd1 25.Nd3 Rxa1 26.Qxa1 Qc7 27.c3 h4 28.Qe1 Bd6 29.Qxh4 Qxc3
30.Qe4 Qa1 31.Kg1 Qd4+ 32.Kh1 Qxe4 33.fxe4 Nd4 34.e5 Be7 35.g3 Nc6 36.Bg2 Nxb4
37.Nxb4  1/2-1/2

[Event "ch-LTU"]
[Site "Vilnius LTU"]
[Date "2000.03.28"]
[Round "4"]
[White "Rutkauskas,G"]
[Black "Jatautis,D"]
[Result "1/2-1/2"]
[WhiteElo "2081"]
[BlackElo "2155"]

1.e4 c5 2.Nf3 d6 3.Nc3 Nf6 4.d4 cxd4 5.Nxd4 a6 6.Be3 e5 7.Nb3 Be7 8.f3 Be6
9.Nd5 Bxd5 10.exd5 O-O 11.c4 Nbd7 12.Rc1 Rc8 13.Bd3 Nh5 14.Bf5 g6 15.Bxd7 Qxd7
16.O-O Nf4 17.g3 Nh3+ 18.Kh1 f5 19.f4 g5 20.fxg5 Bxg5 21.Bxg5 Nxg5 22.Qh5 Ne4
23.Rf3 Rf6 24.Nd2 Nxd2 25.Qg5+ Rg6 26.Qxd2 Rf8 27.b4 f4 28.gxf4 Qf5 29.Rg1 exf4
30.Qd4 b6  1/2-1/2

[Event "Cat XI Spring"]
[Site "Kiev UKR"]
[Date "2000.03.29"]
[Round "8"]
[White "Iordachescu,V"]
[Black "Vorobiov,E"]
[Result "1-0"]
[WhiteElo "2560"]
[BlackElo "2500"]

1.e4 c5 2.Nf3 d6 3.d4 cxd4 4.Nxd4 Nf6 5.Nc3 a6 6.Be3 e6 7.g4 d5 8.exd5 Nxd5
9.Nxd5 Qxd5 10.Rg1 Qa5+ 11.c3 Bd7 12.Bg2 Qc7 13.Qd2 Nc6 14.Bf4 e5 15.Nxc6 exf4
16.Qe2+ Be6 17.Nd4 O-O-O 18.Nxe6 fxe6 19.Bf3 Bc5 20.Kf1 e5 21.Kg2 e4 22.Qxe4 Rd2
23.Rgf1 Qb6 24.b4 Bxf2 25.Qf5+  1-0

[Event "Israeli League"]
[Site "Ramat Aviv ISR"]
[Date "2000.03.31"]
[Round "8"]
[White "Bitansky,I"]
[Black "Gruenfeld,Y"]
[Result "1/2-1/2"]
[WhiteElo "2322"]
[BlackElo "2523"]

1.e4 c5 2.Nf3 d6 3.d4 cxd4 4.Nxd4 Nf6 5.Nc3 a6 6.Be3 e5 7.Nb3 Be6 8.f3 Nbd7
9.Qd2 h5 10.a4 Qc7 11.Be2 Be7 12.O-O Nb6 13.a5 Nc4 14.Bxc4 Bxc4 15.Rfd1 h4
16.Na4 Nd7 17.Nc1 h3 18.g3 O-O 19.b3 Be6 20.Nb6 Nxb6 21.axb6 Qc8 22.Na2 f5
23.Nb4 Kh8 24.Nd5 Bxd5 25.exd5 Qd7 26.c4 Bf6 27.Rac1 f4 28.gxf4 Qf5 29.Rf1 Rae8
30.fxe5 Rxe5 31.Bf4 Qg6+ 32.Kh1 Rf5 33.Rg1 Qh5 34.Rg4 Rf7 35.Rcg1 Be7 36.Qd4 Bf6
37.Qd2 Be5 38.Bxe5 Rxe5 39.Qf2 Qh6 40.Qg3 Ref5 41.Rh4 Rh5 42.Re4 Rhf5 43.Rh4  1/2-1/2

[Event "FSGM April"]
[Site "Budapest HUN"]
[Date "2000.04.01"]
[Round "1"]
[White "Kallio,H"]
[Black "Berkvens,J"]
[Result "0-1"]
[WhiteElo "2452"]
[BlackElo "2297"]

1.e4 c5 2.Nf3 d6 3.d4 cxd4 4.Nxd4 Nf6 5.Nc3 a6 6.Be3 e5 7.Nb3 Be6 8.f3 Be7
9.Qd2 Nbd7 10.O-O-O b5 11.g4 h6 12.Kb1 Nb6 13.Qf2 Rb8 14.h4 b4 15.Nd5 Nbxd5
16.exd5 Nxd5 17.Bc1 a5 18.Qa7 Ra8 19.Bb5+ Kf8 20.Qf2 a4 21.Rxd5 Bxd5 22.Nd2 Qc8
23.Bd3 h5 24.g5 Qc5 25.Qe2 g6 26.Rf1 Be6 27.f4 Kg7 28.b3 Rhe8 29.Bb2 a3 30.Ba1 Bg4
31.Qe1 Bf5 32.Ne4 Qd5 33.fxe5 dxe5 34.Rxf5 gxf5 35.Ng3 Ra5 36.Bxf5 Rd8 37.Kc1 Qf3
38.Bxe5+ Kf8 39.Bc7 Re8 40.Be4 Rd5 41.c4 Bc5 42.cxd5 Be3+ 43.Kc2 Rxe4 44.Bd6+ Kg8
45.Qf1 Qxf1 46.Nxf1 Bf2 47.Kd3 Rd4+ 48.Ke2 Bxh4 49.Ke3 Rd1 50.Nh2 Bxg5+ 51.Ke4 f5+
52.Ke5 Rd2 53.Nf3 Rxa2 54.Bxb4 Re2+ 55.Kxf5 a2 56.Bc3 Re3 57.Bd4 Rxf3+  0-1

[Event "FSIMA April"]
[Site "Budapest HUN"]
[Date "2000.04.01"]
[Round "1"]
[White "Sziebert,A"]
[Black "Maki Uuro,Mi"]
[Result "1/2-1/2"]
[WhiteElo "2334"]
[BlackElo "2341"]

1.e4 c5 2.Nf3 d6 3.d4 Nf6 4.Nc3 cxd4 5.Nxd4 a6 6.Be3 e5 7.Nb3 Be6 8.f3 Nbd7
9.g4 b5 10.Qd2 b4 11.Nd5 Bxd5 12.exd5 Nb6 13.Bxb6 Qxb6 14.O-O-O Be7 15.Qe2 O-O
16.f4 Rfe8 17.fxe5 dxe5 18.d6 Bxd6 19.g5 Nd7 20.Qd2 Re6 21.Bc4 Rae8 22.Rhf1 Nf8
23.Bxe6 Rxe6 24.Qe2 Qc7 25.h4 h6 26.Nd2 e4 27.Nxe4 hxg5 28.hxg5 Qe7 29.Qf3 Rxe4
30.Rxd6 Qxg5+ 31.Kb1 Qe7 32.Rdd1 a5 33.Rh1 g6 34.Qh3 Qe5 35.Qc8 Kg7 36.Rh8 Qd6
37.Rhh1 Rd4 38.Kc1 Qf4+ 39.Kb1 Qd6 40.Kc1 Qf4+ 41.Kb1  1/2-1/2

[Event "Open"]
[Site "Bad Wildbad GER"]
[Date "2000.04.05"]
[Round "7"]
[White "Lanka,Z"]
[Black "Gabriel,J"]
[Result "1-0"]
[WhiteElo "2503"]
[BlackElo "2202"]

1.e4 c5 2.Nf3 d6 3.d4 cxd4 4.Nxd4 Nf6 5.Nc3 a6 6.Be3 e6 7.Be2 b5 8.Bf3 Nfd7
9.a4 bxa4 10.O-O Bb7 11.Rxa4 Qc7 12.Bh5 g6 13.Be2 Nb6 14.Ra2 N8d7 15.Nb3 Bg7
16.Na5 Bc8 17.Bd4 Bxd4 18.Qxd4 e5 19.Qd2 Nc5 20.Rd1 Be6 21.Ra3 Ke7 22.b4 Ncd7
23.Nd5+ Bxd5 24.exd5 Nb8 25.c4 f5 26.c5 Nc8 27.c6 Kf7 28.Rc1 Na7 29.Nc4 Re8
30.Rca1 Kg7 31.Ra5 Re7 32.Qe3 Naxc6 33.dxc6 Nxc6 34.Nb6 f4 35.Nxa8 Qxa5 36.bxa5 fxe3
37.fxe3 d5 38.Nb6 d4 39.Nd5 Rd7 40.e4 Ra7 41.Bc4 Kh6 42.Kf2 Kg5 43.Kg3 h5
44.h4+ Kh6 45.Ra4 Rb7 46.Bxa6 Rb3+ 47.Kh2 d3 48.Bc4  1-0

[Event "73rd City-ch"]
[Site "St Petersburg RUS"]
[Date "2000.04.05"]
[Round "3"]
[White "Sivokho,S"]
[Black "Loginov,Va"]
[Result "0-1"]
[WhiteElo "2436"]
[BlackElo "2512"]

1.e4 c5 2.Nf3 d6 3.d4 cxd4 4.Nxd4 Nf6 5.Nc3 a6 6.Be3 e5 7.Nb3 Be7 8.f3 O-O
9.Qd2 Be6 10.O-O-O a5 11.Kb1 a4 12.Nc1 Ra5 13.Bb5 a3 14.Nb3 Ra8 15.g4 axb2
16.g5 Nh5 17.Nd5 Bxd5 18.Qxd5 Qc7 19.c4 Nc6 20.a4 g6 21.Rhf1 Na7 22.Kxb2 Nxb5
23.Qxb5 Ra6 24.Rf2 Rfa8 25.a5 Rc6 26.Rc2 Rc8 27.Rdc1 Ng7 28.h4 Ne6 29.Kb1 h5
30.Qd5 Bf8 31.Rc3 Qe7 32.Qb5 Nc7 33.Qb4 Qe8 34.Qa4 Ra8 35.R1c2 Qc8 36.Qa1 b6
37.Ra2 bxa5 38.Rxa5 Rca6 39.Rxa6 Rxa6 40.Qb2 Qh3 41.Qf2 Qd7 42.Qb2 Qa4 43.Nc1 Ra8
44.Qb3 Qe8 45.Qb2 Qa4 46.Qb3 Qa1+ 47.Kc2 Ne6 48.Qb2 Qa4+ 49.Kd2 Nd4 50.f4 Qc6
51.Kd3 Re8 52.Qf2 Bg7 53.fxe5 Ne6 54.Ra3 dxe5 55.Ra5 Qd6+ 56.Rd5 Qa3+ 57.Ke2 Qc3
58.c5 Qc4+ 59.Kf3 f5 60.gxf6 Rf8 61.Kg2 Rxf6 62.Qd2 Qxe4+ 63.Kg1 Rf3 64.Bf2 Rh3
65.Kf1 Rh1+  0-1

[Event "FSGM April"]
[Site "Budapest HUN"]
[Date "2000.04.08"]
[Round "8"]
[White "Balogh,C"]
[Black "Berkvens,J"]
[Result "0-1"]
[WhiteElo "2356"]
[BlackElo "2297"]

1.e4 c5 2.Nf3 d6 3.d4 cxd4 4.Nxd4 Nf6 5.Nc3 a6 6.Be3 e5 7.Nb3 Be6 8.Qd2 Be7
9.f4 exf4 10.Bxf4 Nc6 11.O-O-O Ne5 12.Be2 O-O 13.h3 b5 14.g4 Rc8 15.Kb1 Ng6
16.g5 Nxf4 17.Qxf4 Nd7 18.h4 Qc7 19.Nd4 Nb6 20.Bd3 Qc5 21.Nf5 Rfe8 22.h5 Qe5
23.Qf2 Bxf5 24.exf5 Rxc3 25.Qxb6 Bxg5 26.bxc3 Qxc3 27.Qxd6 Bf6 28.Qxf6 Qxf6
29.Rhe1 Rxe1 30.Rxe1 Kf8  0-1

[Event "Women's Open"]
[Site "St Petersburg RUS"]
[Date "2000.04.15"]
[Round "9"]
[White "Sudakova,I"]
[Black "Dymshits,G"]
[Result "1-0"]
[WhiteElo "2213"]
[BlackElo "2029"]

1.e4 c5 2.Nf3 d6 3.d4 cxd4 4.Nxd4 Nf6 5.Nc3 a6 6.Be3 e5 7.Nb3 b5 8.f3 Be7
9.Qd2 Be6 10.O-O-O Nbd7 11.g4 Nb6 12.Qf2 Rb8 13.Nc5 Nc4 14.Nxe6 fxe6 15.Bxc4 bxc4
16.Kb1 Qa5 17.Bd2 Qa3 18.b3 O-O 19.Qe2 Rfc8 20.Qe3 Rb7 21.h4 Rcb8 22.Bc1 Qb4
23.Bb2 cxb3 24.cxb3 Nd7 25.Ne2 Nc5 26.Nc1 a5 27.Nd3 Nxd3 28.Rxd3 a4 29.a3 Qb5
30.b4 Rc7 31.g5 Rbc8 32.Rc1 Rxc1+ 33.Bxc1 Qc4 34.Bb2 Qc2+ 35.Ka2 Rc6 36.Rc3 Rxc3
37.Qxc3 Qd1 38.b5 Bd8 39.b6 Qb3+ 40.Qxb3 axb3+ 41.Kxb3 Bxb6 42.a4 Kf7 43.h5 g6
44.hxg6+ Kxg6 45.Bc1 d5 46.Kb4 dxe4 47.fxe4 Kh5 48.Kb5 Bf2 49.a5 Kg4 50.Ba3 Kxg5
51.Bc5 Bxc5 52.Kxc5 h5 53.a6 h4 54.a7 h3 55.a8=Q Kg4 56.Qa1  1-0

[Event "ch-FAI"]
[Site "Oyrabakki FAI"]
[Date "2000.04.22"]
[Round "9"]
[White "Nolsoe,R"]
[Black "Samuelsen,Carl E"]
[Result "1-0"]
[WhiteElo "2200"]
[BlackElo "2065"]

1.e4 c5 2.Nf3 d6 3.d4 cxd4 4.Nxd4 Nf6 5.Nc3 a6 6.Be3 Ng4 7.Bg5 h6 8.Bh4 g5
9.Bg3 Bg7 10.Be2 Ne5 11.Nf5 Bxf5 12.exf5 Nbc6 13.O-O Nd4 14.Bd3 h5 15.Bxe5 Bxe5
16.Nd5 g4 17.c3 Nc6 18.f4 gxf3 19.Qxf3 Nb8 20.Rae1 Nd7 21.Kh1 Nb6 22.Be4 Rb8
23.Nf4 Qc7 24.Re2 Kd7 25.Nd3 Bf6 26.Nf4 Be5 27.a4 a5 28.Rd1 Rbg8 29.Nd5 Nxd5
30.Bxd5 Kc8 31.Bxf7 Rg4 32.Re4 Qc6 33.Bd5 Qb6 34.b4 Rh7 35.f6 exf6 36.Qf5+ Rd7
37.Rxg4 hxg4 38.Be6 Qd8 39.Qxg4 Kc7 40.Bxd7 Qxd7 41.Qxd7+ Kxd7 42.Rd3  1-0

[Event "3rd Open"]
[Site "Tanta City EGY"]
[Date "2000.05.04"]
[Round "2"]
[White "Elgabry,M"]
[Black "Medvegy,N"]
[Result "0-1"]
[WhiteElo "2271"]
[BlackElo "2275"]

1.e4 c5 2.Nf3 d6 3.d4 cxd4 4.Nxd4 Nf6 5.Nc3 a6 6.Be3 e6 7.g4 Be7 8.g5 Nfd7
9.Rg1 b5 10.Bd3 b4 11.Nce2 Nc5 12.Qd2 Bb7 13.Ng3 Nbd7 14.f4 Qc7 15.f5 Ne5
16.Rf1 Rc8 17.Rd1 d5 18.fxe6 fxe6 19.exd5 Ncxd3+ 20.cxd3 Bxd5 21.Qe2 Ng6
22.Nh5 Qe5 23.Nf3 Bxf3 24.Rxf3 Nh4 25.Rf4 Nf5 26.Re4 Qd6 27.Bf4 Qd5 28.Rxe6 O-O
29.Re5 Qf7 30.Rc1 Nd4 31.Rxe7 Nxe2 32.Rxf7 Nxc1 33.Rxg7+ Kh8 34.Rd7 Rce8+
35.Kd2 Ne2 36.Be3 Rd8 37.Rxd8 Rxd8 38.Kxe2 Kg8 39.d4 Kf7 40.Nf4 Ke7 41.Kd3 Kd6
42.h4 Rf8 43.Nh5 Ke6 44.Nf6 h6 45.d5+ Ke7 46.Bf4 hxg5 47.hxg5  0-1

[Event "Open"]
[Site "Dubai UAE"]
[Date "2000.05.05"]
[Round "7"]
[White "Gadjily,R"]
[Black "Magerramov,E"]
[Result "0-1"]
[WhiteElo "2443"]
[BlackElo "2562"]

1.e4 c5 2.Nf3 d6 3.d4 cxd4 4.Nxd4 Nf6 5.Nc3 a6 6.Be3 e5 7.Nb3 Be6 8.f3 h5
9.Be2 Nbd7 10.a4 Rc8 11.a5 Be7 12.O-O h4 13.Qd2 g6 14.Rfd1 Kf8 15.Nd5 Bxd5
16.exd5 Kg7 17.c4 Nh5 18.Rac1 Bf6 19.Na1 Nf4 20.Bf1 Bg5 21.b4 Nf6 22.Nb3 Qg8
23.Nd4 N6h5 24.Ne2 Rd8 25.Nc3 Qh7 26.Ne4 Qh6 27.Kf2 Rhe8 28.c5 dxc5 29.Rxc5 Ng3
30.Nxg5 Qxg5 31.Bxf4 exf4 32.Qd4+ Kg8 33.d6 Nf5 34.d7 Re6 35.Qc3 Ne3 36.Rd2 Qe7
37.Rc8 Rc6 38.Rxd8+ Qxd8 39.Qe5 Re6 40.Qc5 Rc6 41.Qa7 h3 42.gxh3 Rc1 43.Ke2 Nxf1
44.Qb8 Qxb8 45.d8=Q+ Qxd8 46.Rxd8+ Kg7 47.Rd7 Nxh2  0-1

[Event "Capablanca Mem Premier II"]
[Site "Varadero CUB"]
[Date "2000.05.08"]
[Round "2"]
[White "De la Paz,F"]
[Black "Leyva,R"]
[Result "0-1"]
[WhiteElo "2462"]
[BlackElo "2415"]

1.e4 c5 2.Nf3 d6 3.d4 cxd4 4.Nxd4 Nf6 5.Nc3 a6 6.Be3 e6 7.g4 h5 8.gxh5 b5
9.a3 Bb7 10.Bg2 Nbd7 11.Qe2 Rc8 12.O-O Nxh5 13.f4 Qh4 14.Rf3 Qg4 15.h3 Qh4
16.Re1 Nc5 17.Nf5 exf5 18.Bxc5 Rxc5 19.exf5+ Re5 20.fxe5 Bxf3 21.Qe3 d5 22.Nxd5 Bxd5
23.Bxd5 Qg3+ 24.Qxg3 Nxg3 25.f6 Bc5+ 26.Kg2 Nh5 27.Rd1 gxf6 28.Bc6+ Kf8 29.Rd8+ Kg7
30.exf6+ Nxf6 31.Rxh8 Kxh8 32.b4 Bd4 33.Bb7 Bb2 34.Bxa6 Bxa3 35.Bxb5 Bxb4
36.Bc4 Kg7 37.Kf3 Kg6 38.Ba6 Kf5 39.Bc8+ Ke5 40.Ba6 Bc3 41.Bc4 Ne4 42.Bb5 f5
43.Bc6 Ng5+ 44.Kg2 Be1 45.Bd7 f4 46.Kf1 Bh4 47.Ke2 f3+ 48.Ke3 f2 49.Bb5 Nxh3
50.Bf1 Ng5 51.Bg2 Ne4 52.Ke2 Kf4 53.c4 Nc5 54.Bf1 Kg3 55.Ke3 Kh2 56.Ke2 Ne4
57.Ke3 Kg1 58.Be2 Nc5 59.Kd4 Be7  0-1

[Event "New York Open"]
[Site "New York USA"]
[Date "2000.05.11"]
[Round "9"]
[White "David,Alb"]
[Black "Paragua,M"]
[Result "0-1"]
[WhiteElo "2520"]
[BlackElo "2368"]

1.e4 c5 2.Nf3 d6 3.d4 cxd4 4.Nxd4 Nf6 5.Nc3 a6 6.Be3 e5 7.Nb3 Be6 8.f3 Nbd7
9.g4 h6 10.Qd2 b5 11.O-O-O Nb6 12.Qf2 Nfd7 13.Kb1 Rc8 14.Nd5 Bxd5 15.exd5 Nc4
16.Bc1 Ndb6 17.Bd3 Na4 18.h4 Qb6 19.Qe1 Be7 20.Rh2 Bf6 21.f4 e4 22.c3 Na3+
23.Ka1 Nxc3 24.Bxe4 O-O 25.g5 Nxd1 26.gxf6 Qd4 27.Rd2 Rxc1+ 28.Nxc1 Ne3 29.Rxd4 Nec2+
30.Bxc2 Nxc2+ 31.Kb1 Nxe1 32.Rd1 Re8 33.Nb3 Nf3 34.h5 Re4 35.Rc1 Rxf4 36.Rc8+ Kh7
37.fxg7 Kxg7 38.Rc6 Rf5 39.Rxd6 Rxh5 40.Nc5 Nd2+ 41.Kc1 Nc4 42.Rd7 Nb6  0-1

[Event "Israeli League"]
[Site "Ramat Aviv ISR"]
[Date "2000.05.12"]
[Round "11"]
[White "Tratatovici,M"]
[Black "Lipes,Y"]
[Result "1-0"]
[WhiteElo "2350"]
[BlackElo "2204"]

1.e4 c5 2.Nf3 d6 3.d4 cxd4 4.Nxd4 Nf6 5.Nc3 a6 6.Be3 e5 7.Nb3 Be7 8.Qd2 O-O
9.f3 Be6 10.O-O-O b5 11.g4 b4 12.Na4 Nc6 13.Kb1 Nd7 14.h4 Na5 15.Qxb4 Nxb3
16.cxb3 d5 17.Qe1 d4 18.Bd2 Qb8 19.Rc1 a5 20.Bc4 Bxc4 21.Rxc4 Nb6 22.Nxb6 Qxb6
23.Qg3 Qb5 24.Rhc1 Bb4 25.a4 Qe8 26.Bxb4 axb4 27.Rxb4 Rb8 28.Rxb8 Qxb8 29.Ka2 Rd8
30.Qe1 d3 31.Qc3 h6 32.Rd1 Qd6 33.Rd2 Kh7 34.b4 Qa6 35.b3 Rd4 36.Kb2 f6 37.b5 Qd6
38.a5 Qd8 39.b6 Qa8 40.Qc5 Qa6 41.g5 Rd7 42.b4 fxg5 43.hxg5 Rf7 44.Qd5 Rxf3
45.Qxe5 Qc4  1-0